|
|
|
|
| LEADER |
01095nam a2200265 a 4500 |
| 001 |
GR-MES14916 |
| 008 |
090312s2007 nyu 000 0 eng d |
| 020 |
|
|
|a 0071428675
|
| 040 |
|
|
|a GrPaTEI
|b gre
|c GR-PaULI
|
| 040 |
|
|
|a GrPaTEI
|b gre
|c GR-PaULI
|
| 082 |
|
0 |
|a 620.004 2
|2 21
|
| 245 |
0 |
0 |
|a Marks' standard handbook for mechanical engineers ; Eugene A. Avallone, Theodore Baumeister, Ali M. Sadegh.
|
| 250 |
|
|
|a 12th ed.
|
| 260 |
|
|
|a New York :
|b Mc Graw Hill,
|c c2007
|
| 300 |
|
|
|a ποικ. σελ. :
|b πίν. ;
|c 27 εκ.
|
| 500 |
|
|
|a Περιλαμβάνει ευρετήριο.
|
| 650 |
|
0 |
|a Mechanical engineering
|
| 650 |
|
4 |
|a Μηχανολογικός σχεδιασμός
|
| 700 |
1 |
|
|a Avallone, Eugene A.
|
| 700 |
1 |
|
|a Baumeister, Theodore
|
| 700 |
1 |
|
|a Sadegh, Ali M.
|
| 942 |
|
|
|2 ddc
|
| 952 |
|
|
|0 0
|1 0
|2 ddc
|4 0
|6 620_004000000000000_2_ΜΑR
|7 0
|9 272778
|a MSLG
|b MSLG
|c BSC
|d 2021-01-17
|e 24
|f 0
|g 0.00
|l 0
|o 620.004 2 ΜΑR
|p 2420000023658
|r 2021-01-17 00:00:00
|t 1
|w 2021-01-17
|y BK15
|x 20090312 0 ΤΣΑΝΤΑΡΛΙΩΤΗ 1
|x GrPaTEI
|
| 971 |
|
|
|a .b25809659
|b 15-04-20
|c 13-09-16
|
| 999 |
|
|
|c 157823
|d 157823
|